[Event "Titled Tuesday intern op 06th Feb Early"]
[Site "Chess.com INT"]
[Date "2024.02.06"]
[Round "9"]
[White "Rosenberg, Evan"]
[Black "Khegay, Yuliya"]
[Result "1/2-1/2"]
[WhiteElo "1985"]
[BlackElo "1798"]
[PlyCount "113"]
[EventDate "2024.02.06"]
[EventType "swiss (blitz)"]
[EventRounds "11"]
[EventCountry "USA"]
[SourceTitle "CB07_2024"]
[SourceDate "2024.02.14"]
[SourceVersion "1"]
[SourceVersionDate "2024.02.14"]
[SourceQuality "1"]

1. c4 e6 2. g3 d5 3. Bg2 dxc4 4. Qa4+ Qd7 5. Qxc4 Nf6 6. Nc3 Be7 7. Nf3 0-0 8. 0-0 a6 9. a4 Nc6 10. d3 Na5 11. Qa2 c5 12. Bd2 Qc7 13. Rac1 Nc6 14. Qb1 Rb8 15. Nd1 Qd7 16. b3 b5 17. axb5 axb5 18. Bf4 Bd6 19. Bxd6 Qxd6 20. Qb2 Bb7 21. Nc3 Ba8 22. Nd2 Nd4 23. Nde4 Nxe4 24. Nxe4 Qe5 25. Kh1 Bxe4 26. Bxe4 f5 27. Bg2 Qxe2 28. Qxe2 Nxe2 29. Rxc5 Rfc8 30. Re5 Nd4 31. b4 Kf7 32. g4 g6 33. gxf5 gxf5 34. Ra1 Rc3 35. h4 Kf6 36. Rc5 Rxc5 37. bxc5 Rc8 38. c6 Nxc6 39. Rc1 Ne7 40. Rb1 Rb8 41. f4 Nd5 42. Bxd5 exd5 43. Rb4 Ke6 44. Kg2 Kd6 45. d4 Kc6 46. Kf3 h5 47. Rb1 b4 48. Rc1+ Kd6 49. Ke3 b3 50. Kd3 b2 51. Rb1 Rb3+ 52. Kc2 Rb4 53. Kc3 Rc4+ 54. Kd3 Rb4 55. Kc3 Rc4+ 56. Kd3 Rb4 57. Kc3 1/2-1/2

[Event "Online Olym Div2 B"]
[Site "Chess.com INT"]
[Date "2021.09.03"]
[Round "6.4"]
[White "Khegay, Yuliya"]
[Black "Golsta, Madara"]
[Result "1/2-1/2"]
[WhiteElo "1848"]
[BlackElo "1967"]
[PlyCount "109"]
[EventDate "2021.09.02"]
[EventType "team (rapid)"]
[EventRounds "9"]
[EventCountry "USA"]
[SourceTitle "CBM 204 Extra"]
[Source "ChessBase"]
[SourceDate "2021.11.30"]
[SourceVersion "1"]
[SourceVersionDate "2021.11.30"]
[SourceQuality "1"]
[WhiteTeam "Uzbekistan"]
[BlackTeam "Latvia"]
[WhiteTeamCountry "UZB"]
[BlackTeamCountry "LAT"]

1. e4 c5 2. Nf3 d6 3. d4 cxd4 4. Nxd4 Nf6 5. Nc3 g6 6. f3 Bg7 7. Be3 Nc6 8. Qd2 0-0 9. Be2 d5 10. exd5 Nxd5 11. Nxc6 bxc6 12. Bd4 e5 13. Bc5 Re8 14. 0-0-0 Qa5 15. Nxd5 Qxc5 16. Nc7 Be6 17. Nxa8 Rxa8 18. a3 Rb8 19. b4 Qb6 20. c3 a5 21. Kc2 axb4 22. axb4 Bf5+ 23. Kb3 c5 24. Qd6 Qxd6 25. Rxd6 cxb4 26. c4 Bf8 27. Rd5 Ra8 28. Rhd1 Ra3+ 29. Kb2 Be7 30. g4 Be6 31. R5d3 Bxc4 32. Rd8+ Bxd8 33. Rxd8+ Kg7 34. Bxc4 Rxf3 35. Rd7 h6 36. h4 Rf4 37. Be6 e4 38. Kb3 e3 39. Bc4 h5 40. g5 Kf8 41. Ra7 Ke8 42. Ra8+ Kd7 43. Ra1 Rxh4 44. Bxf7 Rg4 45. Bxg6 Rxg5 46. Bd3 Re5 47. Kxb4 e2 48. Re1 Re3 49. Bb5+ Kd6 50. Rxe2 Rxe2 51. Bxe2 h4 52. Bf3 h3 53. Kc4 h2 54. Kd4 h1Q 55. Bxh1 1/2-1/2

[Event "Online Olym Div2 B"]
[Site "Chess.com INT"]
[Date "2021.09.02"]
[Round "2.2"]
[White "Khegay, Yuliya"]
[Black "Chua, Jia Tien"]
[Result "0-1"]
[WhiteElo "1848"]
[BlackElo "1822"]
[PlyCount "174"]
[EventDate "2021.09.02"]
[EventType "team (rapid)"]
[EventRounds "9"]
[EventCountry "USA"]
[SourceTitle "CBM 204 Extra"]
[Source "ChessBase"]
[SourceDate "2021.11.30"]
[SourceVersion "1"]
[SourceVersionDate "2021.11.30"]
[SourceQuality "1"]
[WhiteTeam "Uzbekistan"]
[BlackTeam "Malaysia"]
[WhiteTeamCountry "UZB"]
[BlackTeamCountry "MAS"]

1. e4 c5 2. Nf3 d6 3. d4 cxd4 4. Nxd4 Nf6 5. Nc3 a6 6. Bg5 e6 7. f4 Nbd7 8. Qf3 Qc7 9. Kd1 b5 10. Bd3 Bb7 11. Re1 Be7 12. Kd2 Rc8 13. Rad1 b4 14. Nce2 Nc5 15. Ng3 Na4 16. Nh5 Nxh5 17. Qxh5 Nxb2 18. Nxe6 Qc3+ 19. Ke2 g6 20. Qh4 Bxg5 21. Nxg5 Nxd1 22. Kxd1 Qf6 23. e5 dxe5 24. Rxe5+ Kd7 25. Qh3+ Kc7 26. Qe3 Kb8 27. g3 h6 28. Ne4 Qc6 29. Nc5 Rhd8 30. Nxb7 Qxb7 31. Kc1 Rc7 32. Be4 Qa7 33. Qb3 Qg1+ 34. Kb2 Qd4+ 35. Kb1 Qc3 36. Qxc3 bxc3 37. a3 Rd1+ 38. Ka2 Rd2 39. h3 Ka7 40. g4 Re2 41. Kb3 Kb6 42. a4 Re3 43. h4 Rd7 44. Kc4 a5 45. Rb5+ Ka6 46. Bc6 Rc7 47. Kd5 Re6 48. Rc5 Kb6 49. Rb5+ Ka6 50. Rc5 Rce7 51. Rxc3 Re1 52. Bb5+ Kb7 53. Bc6+ Kb6 54. Bb5 Rd1+ 55. Bd3 Ra1 56. Rc6+ Kb7 57. Ba6+ Ka7 58. Bb5 Rd1+ 59. Kc5 Kb8 60. Kb6 Rb7+ 61. Kxa5 Rd4 62. c4 Rxf4 63. Ba6 Rc7 64. Rb6+ Ka7 65. h5 Rxg4 66. hxg6 fxg6 67. Re6 h5 68. Bb5 Rg5 69. Ra6+ Kb8 70. Rb6+ Rb7 71. Rf6 h4 72. c5 Rxc5 73. Rxg6 Rh5 74. Ka6 Ra7+ 75. Kb6 Rb7+ 76. Ka6 Rc7 77. Bc6 h3 78. Kb6 Rxc6+ 79. Rxc6 h2 80. Rf6 Rh8 81. Rf1 h1Q 82. Rxh1 Rxh1 83. a5 Rb1+ 84. Ka6 Rh1 85. Kb6 Rh6+ 86. Kb5 Ka7 87. a6 Rxa6 0-1

[Event "UZB-ch (Women) final"]
[Site "Tashkent"]
[Date "2021.04.23"]
[Round "7.3"]
[White "Shokirjonova, Barchinoy"]
[Black "Khegay, Yuliya"]
[Result "1/2-1/2"]
[WhiteElo "1594"]
[BlackElo "1913"]
[PlyCount "79"]
[EventDate "2021.04.17"]
[EventType "tourn"]
[EventRounds "11"]
[EventCountry "UZB"]
[SourceTitle "CBM 202 Extra"]
[Source "ChessBase"]
[SourceDate "2021.07.31"]
[SourceVersion "1"]
[SourceVersionDate "2021.07.31"]
[SourceQuality "1"]

1. d4 d5 2. c4 dxc4 3. Nf3 Nf6 4. e3 e6 5. Bxc4 a6 6. Be2 Be7 7. Nbd2 Nbd7 8. b3 0-0 9. 0-0 b5 10. Bb2 Bb7 11. a4 b4 12. Rc1 Rc8 13. Ne5 c5 14. Bf3 Bxf3 15. Qxf3 Nd5 16. Nxd7 Qxd7 17. Nc4 Qd8 18. e4 Nb6 19. dxc5 Nxc4 20. Rxc4 Rxc5 21. Rxc5 Bxc5 22. Qg4 g6 23. Rd1 Qe7 24. Qf3 Rd8 25. g3 Kf8 26. Rxd8+ Qxd8 27. Qf4 Bd4 28. Qd2 e5 29. Qxb4+ Ke8 30. Ba3 Qf6 31. Qd2 Qf3 32. Qc2 Kd7 33. Bc1 h5 34. b4 h4 35. gxh4 Qg4+ 36. Kf1 Qh3+ 37. Kg1 Qg4+ 38. Kf1 Qh3+ 39. Kg1 Qg4+ 40. Kf1 1/2-1/2

[Event "UZB-ch (Women)"]
[Site "Tashkent"]
[Date "2020.09.24"]
[Round "9"]
[White "Khegay, Yuliya"]
[Black "Yakubbaeva, Nilufar"]
[Result "1/2-1/2"]
[WhiteElo "1798"]
[BlackElo "2265"]
[PlyCount "40"]
[EventDate "2020.03.11"]
[EventType "tourn"]
[EventRounds "9"]
[EventCountry "UZB"]
[SourceTitle "EXT 2021"]
[Source "ChessBase"]
[SourceDate "2020.10.23"]
[SourceVersion "1"]
[SourceVersionDate "2020.10.23"]
[SourceQuality "1"]

1. e4 c6 2. d4 d5 3. Nc3 dxe4 4. Nxe4 Bf5 5. Ng3 Bg6 6. h4 h6 7. h5 Bh7 8. Bd3 Bxd3 9. Qxd3 e6 10. Nf3 Nd7 11. Bf4 Be7 12. 0-0-0 Ngf6 13. Ne4 Nxe4 14. Qxe4 Qa5 15. Kb1 Qd5 16. Qxd5 cxd5 17. Rd3 Rc8 18. Rb3 b6 19. a4 0-0 20. a5 Ra8 1/2-1/2

[Event "Issyk Kul op"]
[Site "Cholpon Ata"]
[Date "2019.08.22"]
[Round "7"]
[White "Sezdbekov, Arzybek"]
[Black "Khegay, Yuliya"]
[Result "1-0"]
[WhiteElo "2133"]
[BlackElo "1788"]
[PlyCount "135"]
[EventDate "2019.08.19"]
[EventType "swiss"]
[EventRounds "9"]
[EventCountry "KGZ"]
[SourceTitle "EXT 2020"]
[Source "ChessBase"]
[SourceDate "2019.10.17"]
[SourceVersion "1"]
[SourceVersionDate "2019.10.17"]
[SourceQuality "1"]

1. d4 d5 2. Nf3 Nf6 3. c4 dxc4 4. Nc3 a6 5. a4 Nc6 6. e4 Na5 7. Ne5 Be6 8. d5 Bc8 9. Nxc4 Nxc4 10. Bxc4 e5 11. 0-0 Bc5 12. Qd3 0-0 13. Be3 Bd6 14. Rae1 Kh8 15. f4 Ng4 16. f5 Nxe3 17. Qxe3 Be7 18. Rd1 Qd6 19. Kh1 Bd7 20. Be2 f6 21. Rf3 Qc5 22. Qd2 b5 23. b3 bxa4 24. Nxa4 Bxa4 25. bxa4 Rfb8 26. Rc3 Qa5 27. Qc2 Bd6 28. Rb3 Rxb3 29. Qxb3 Qb4 30. Qxb4 Bxb4 31. Rb1 a5 32. Bb5 Kg8 33. Kg1 Kf8 34. Rc1 Bd6 35. Kf2 Ke7 36. Kf3 Rb8 37. Rc6 Rb6 38. Rc3 Rb7 39. g4 Rb8 40. h4 h6 41. Rc2 Kd8 42. Rg2 Kc8 43. Ba6+ Kd7 44. Bb5+ Kc8 45. g5 hxg5 46. hxg5 Be7 47. g6 Kb7 48. Rh2 Kb6 49. Ke3 Bc5+ 50. Kd3 Bb4 51. Rh7 Bf8 52. Kc4 Rd8 53. Bc6 Rb8 54. Rh8 Rd8 55. Rg8 Rb8 56. Rh8 Rd8 57. Rh7 Rb8 58. Rh1 Bd6 59. Bb5 Rd8 60. Rh3 Ra8 61. Rh7 Bf8 62. Bd7 Rb8 63. Rh8 Rd8 64. d6 c6 65. Be6 Kb7 66. Bf7 Kb6 67. d7 Be7 68. Be8 1-0

[Event "Issyk Kul op"]
[Site "Cholpon Ata"]
[Date "2019.08.21"]
[Round "5"]
[White "Khegay, Yuliya"]
[Black "Malaikanova, Aigul"]
[Result "1-0"]
[WhiteElo "1788"]
[BlackElo "1610"]
[PlyCount "60"]
[EventDate "2019.08.19"]
[EventType "swiss"]
[EventRounds "9"]
[EventCountry "KGZ"]
[SourceTitle "EXT 2020"]
[Source "ChessBase"]
[SourceDate "2019.10.17"]
[SourceVersion "1"]
[SourceVersionDate "2019.10.17"]
[SourceQuality "1"]

1. e4 e5 2. Nf3 Nc6 3. Nc3 Bc5 4. Nxe5 Nxe5 5. d4 Bd6 6. dxe5 Bxe5 7. Bd3 Nf6 8. Nb5 a6 9. f4 Bxf4 10. Bxf4 axb5 11. 0-0 Qe7 12. Kh1 h6 13. Bxc7 0-0 14. e5 Ne8 15. Bd6 Nxd6 16. exd6 Qe5 17. b3 Ra6 18. Rf5 Qe6 19. Rxb5 Rxd6 20. Qf1 Re8 21. Bc4 Qe7 22. Rf5 Rf6 23. Rxf6 Qxf6 24. Qxf6 gxf6 25. Kg1 d6 26. Rd1 Rd8 27. Bd3 Be6 28. Kf2 Kg7 29. Ke3 f5 30. Rf1 Kf6 1-0

[Event "Issyk Kul op"]
[Site "Cholpon Ata"]
[Date "2019.08.20"]
[Round "4"]
[White "Bolotov, Toktobek"]
[Black "Khegay, Yuliya"]
[Result "0-1"]
[WhiteElo "1424"]
[BlackElo "1788"]
[PlyCount "122"]
[EventDate "2019.08.19"]
[EventType "swiss"]
[EventRounds "9"]
[EventCountry "KGZ"]
[SourceTitle "EXT 2020"]
[Source "ChessBase"]
[SourceDate "2019.10.17"]
[SourceVersion "1"]
[SourceVersionDate "2019.10.17"]
[SourceQuality "1"]

1. d4 d5 2. c4 dxc4 3. Nf3 Nf6 4. Nc3 a6 5. e4 b5 6. a4 b4 7. Na2 Nxe4 8. Bxc4 e6 9. Ne5 Nd6 10. Bb3 Bb7 11. 0-0 Nf5 12. Be3 Bd6 13. Qg4 Qh4 14. Qxh4 Nxh4 15. f3 Nf5 16. Bf2 Nc6 17. Nxc6 Bxc6 18. Rac1 Bb7 19. Rfe1 0-0 20. Bc2 Ne7 21. b3 Nd5 22. Bd3 Rfd8 23. Bc4 Rac8 24. Rc2 Nb6 25. Bf1 Bd5 26. Nc1 Ra8 27. a5 Nc8 28. Bc4 Bb7 29. Nd3 Ne7 30. Rd1 Nc6 31. Bh4 Re8 32. Nc5 Nxd4 33. Nxb7 Nxc2 34. Nxd6 cxd6 35. Rxd6 Ne3 36. Rc6 Rec8 37. Rxc8+ Rxc8 38. Bxa6 Ra8 39. Bg5 Rxa6 40. Bxe3 Rxa5 41. Bd2 Rb5 42. Kf2 Kf8 43. Ke3 Ke7 44. Be1 Re5+ 45. Kd2 Rxe1 46. Kxe1 Kd6 47. Kd2 Kd5 48. Kd3 f5 49. f4 h6 50. h4 h5 51. g3 g6 52. Ke3 e5 53. fxe5 Kxe5 54. Kd3 f4 55. gxf4+ Kxf4 56. Kc4 g5 57. hxg5 Kxg5 58. Kxb4 h4 59. Kc5 h3 60. b4 h2 61. b5 h1Q 0-1

[Event "Moscow ACF Botvinnik Memorial U14 Girls"]
[Site "Moscow"]
[Date "2017.11.06"]
[Round "8"]
[White "Khegay, Yuliya"]
[Black "Kuzich, Aryna"]
[Result "0-1"]
[WhiteElo "1703"]
[BlackElo "1779"]
[PlyCount "66"]
[EventDate "2017.11.02"]
[EventType "tourn"]
[EventRounds "11"]
[EventCountry "RUS"]
[SourceTitle "CBM 181 Extra"]
[Source "ChessBase"]
[SourceDate "2017.12.12"]
[SourceVersion "1"]
[SourceVersionDate "2017.12.12"]
[SourceQuality "1"]

1. e4 e5 2. Nf3 Nf6 3. Nc3 Nc6 4. d4 exd4 5. Nxd4 Bb4 6. Nxc6 bxc6 7. Bd3 d5 8. exd5 cxd5 9. 0-0 0-0 10. Bg5 c6 11. Qf3 Be7 12. Rae1 Be6 13. h3 Rb8 14. Bc1 c5 15. Ne2 Qd7 16. Rd1 Bd6 17. c3 Rfe8 18. b3 d4 19. c4 a5 20. Bf4 Bxf4 21. Nxf4 a4 22. Nh5 Nxh5 23. Qxh5 f5 24. Bc2 g6 25. Qf3 Qd6 26. Rfe1 a3 27. g3 Bd7 28. Qg2 Bc6 29. f3 Rxe1+ 30. Rxe1 d3 31. Bb1 d2 32. Rd1 Rd8 33. Qe2 Qxg3+ 0-1

[Event "Moscow ACF Botvinnik Memorial U14 Girls"]
[Site "Moscow"]
[Date "2017.11.04"]
[Round "6"]
[White "Khegay, Yuliya"]
[Black "Pipia, Ekaterine"]
[Result "1-0"]
[WhiteElo "1703"]
[BlackElo "1791"]
[PlyCount "97"]
[EventDate "2017.11.02"]
[EventType "tourn"]
[EventRounds "11"]
[EventCountry "RUS"]
[SourceTitle "CBM 181 Extra"]
[Source "ChessBase"]
[SourceDate "2017.12.12"]
[SourceVersion "1"]
[SourceVersionDate "2017.12.12"]
[SourceQuality "1"]

1. e4 c5 2. Nf3 d6 3. Bb5+ Bd7 4. Bxd7+ Qxd7 5. 0-0 Nc6 6. c3 Nf6 7. Qe2 e6 8. d4 cxd4 9. cxd4 d5 10. e5 Ne4 11. Be3 f6 12. exf6 gxf6 13. Nfd2 0-0-0 14. Nxe4 dxe4 15. Nd2 f5 16. Rac1 Kb8 17. Nb3 Rg8 18. g3 Bd6 19. Kh1 h5 20. Nc5 Bxc5 21. dxc5 Qf7 22. f3 exf3 23. Rxf3 h4 24. gxh4 Qh5 25. Bg5 Rde8 26. Rcf1 Ka8 27. Qe3 Qh8 28. R3f2 Ne5 29. Qc3 Ng4 30. Rc2 Qh7 31. Rg2 Qc7 32. b4 Qc6 33. b5 Qxb5 34. Rc1 Qc6 35. Qg3 e5 36. Rf1 Nh6 37. Qf2 f4 38. Bxh6 Qxh6 39. Rxg8 Rxg8 40. Rg1 Qc6+ 41. Rg2 Rd8 42. h3 f3 43. Rg3 e4 44. Kh2 a6 45. Rg5 Qc7+ 46. Qg3 Rd2+ 47. Kg1 f2+ 48. Kf1 Qc6 49. Rg8+ 1-0

[Event "Moscow ACF Botvinnik Memorial U14 Girls"]
[Site "Moscow"]
[Date "2017.11.03"]
[Round "3"]
[White "Mirlankyzy, Azaliia"]
[Black "Khegay, Yuliya"]
[Result "0-1"]
[WhiteElo "1405"]
[BlackElo "1703"]
[PlyCount "92"]
[EventDate "2017.11.02"]
[EventType "tourn"]
[EventRounds "11"]
[EventCountry "RUS"]
[SourceTitle "CBM 181 Extra"]
[Source "ChessBase"]
[SourceDate "2017.12.12"]
[SourceVersion "1"]
[SourceVersionDate "2017.12.12"]
[SourceQuality "1"]

1. e4 e5 2. Nf3 Nc6 3. Bc4 Bc5 4. c3 Nf6 5. d3 a6 6. b4 Bb6 7. Be3 Ba7 8. Bxa7 Rxa7 9. Nbd2 0-0 10. 0-0 d6 11. a3 Ne7 12. d4 Ng6 13. dxe5 dxe5 14. Qc2 Nh5 15. Rfd1 Qf6 16. Nf1 Nhf4 17. Ng3 Nxg2 18. Kxg2 Bh3+ 19. Kg1 Qxf3 20. Bf1 Bxf1 21. Kxf1 Nf4 22. h4 Qg2+ 23. Ke1 Qg1+ 24. Nf1 Qg4 25. Ng3 Qxh4 26. Rd7 b6 27. Rad1 Ng2+ 28. Kf1 Qxg3 29. Qb3 Qg6 30. Qc4 Nf4 31. a4 Qg2+ 32. Ke1 Qg1+ 33. Kd2 Qxf2+ 34. Kc1 Qe3+ 35. Kb2 Qe2+ 36. Qxe2 Nxe2 37. Re7 Raa8 38. Rxc7 Rac8 39. Rb7 Nxc3 40. Re1 Nxa4+ 41. Kb3 b5 42. Re3 Rc4 43. Ra7 Rfc8 44. Rxa6 Rc3+ 45. Rxc3 Rxc3+ 46. Ka2 h5 0-1

[Event "Wch U12 Girls"]
[Site "Batumi"]
[Date "2016.10.29"]
[Round "10"]
[White "Hakobyan, Astghik"]
[Black "Khegay, Yuliya"]
[Result "1-0"]
[WhiteElo "1570"]
[BlackElo "1732"]
[PlyCount "59"]
[EventDate "2016.10.19"]
[EventType "swiss"]
[EventRounds "11"]
[EventCountry "GEO"]
[SourceTitle "EXT 2018"]
[Source "ChessBase"]
[SourceDate "2017.10.13"]
[SourceVersion "1"]
[SourceVersionDate "2017.10.13"]
[SourceQuality "1"]

1. e4 e5 2. Nf3 Nf6 3. Nxe5 d6 4. Nf3 Nxe4 5. d3 Nf6 6. Bg5 Be7 7. Nc3 h6 8. Bh4 d5 9. d4 Bg4 10. Be2 Nc6 11. Ne5 Bxe2 12. Nxe2 Qd6 13. Bg3 Qb4+ 14. c3 Qb6 15. 0-0 0-0 16. Re1 Rad8 17. Nf4 Bd6 18. Qf3 Ne7 19. Re2 c6 20. Rae1 Qa6 21. a3 b5 22. Bh4 Ne4 23. Bxe7 Bxe7 24. Qg4 Bg5 25. Nh5 Nf6 26. Nxf6+ Bxf6 27. Nd7 Kh7 28. Nxf8+ Rxf8 29. Qf5+ Kg8 30. Re8 1-0

[Event "Wch U12 Girls"]
[Site "Batumi"]
[Date "2016.10.23"]
[Round "5"]
[White "Khegay, Yuliya"]
[Black "Vu, Bui Thi Thanh Van"]
[Result "0-1"]
[WhiteElo "1732"]
[BlackElo "1440"]
[PlyCount "54"]
[EventDate "2016.10.19"]
[EventType "swiss"]
[EventRounds "11"]
[EventCountry "GEO"]
[SourceTitle "EXT 2018"]
[Source "ChessBase"]
[SourceDate "2017.10.13"]
[SourceVersion "1"]
[SourceVersionDate "2017.10.13"]
[SourceQuality "1"]

1. e4 e6 2. d4 d5 3. Nd2 Nf6 4. e5 Nfd7 5. Bd3 c5 6. c3 Nc6 7. Ne2 Qb6 8. Nf3 Be7 9. 0-0 0-0 10. Nf4 Re8 11. Re1 cxd4 12. cxd4 Nf8 13. a3 a5 14. Bc2 Bd7 15. b3 Na7 16. Bb2 Rac8 17. Bd3 Rc7 18. Nd2 Nb5 19. Qg4 Nc3 20. Nh5 Ng6 21. Bc1 Bb5 22. Re3 Bxd3 23. Rxd3 Nb5 24. Nf3 Rc3 25. Rd1 Rxb3 26. Bg5 Nc3 27. Bxe7 Rxe7 0-1

[Event "Wch U12 Girls"]
[Site "Batumi"]
[Date "2016.10.22"]
[Round "4"]
[White "Zarebska, Lena"]
[Black "Khegay, Yuliya"]
[Result "1-0"]
[WhiteElo "1545"]
[BlackElo "1732"]
[PlyCount "63"]
[EventDate "2016.10.19"]
[EventType "swiss"]
[EventRounds "11"]
[EventCountry "GEO"]
[SourceTitle "EXT 2018"]
[Source "ChessBase"]
[SourceDate "2017.10.13"]
[SourceVersion "1"]
[SourceVersionDate "2017.10.13"]
[SourceQuality "1"]

1. e4 e5 2. f4 exf4 3. Nf3 d5 4. exd5 Nf6 5. Bc4 Nxd5 6. Bxd5 Qxd5 7. Nc3 Qd8 8. d4 Bd6 9. Qe2+ Qe7 10. Qxe7+ Kxe7 11. Nd5+ Kd8 12. 0-0 f6 13. Nxf4 Bxf4 14. Bxf4 Nc6 15. c3 Ne7 16. Rfe1 Ng6 17. Bg3 h5 18. h3 Bf5 19. Rad1 Kd7 20. d5 h4 21. Bh2 Nf8 22. Rd3 Rh5 23. Rde3 Ng6 24. Nd4 Rc8 25. Nb3 b6 26. Nd4 Rf8 27. Nc6 a5 28. c4 Rhh8 29. Ne7 Nxe7 30. Rxe7+ Kd8 31. Bxc7+ Kc8 32. Bxb6 1-0